00410nam a2200157Ia 4500001000500000005001700005008004100022041000800063082001600071100003500087245007300122260000900195300003200204650000800236654000800244866320260306160626.0260306t2008||||xx |||||||||||||| ||spa|| aESP a371.26bP58 aPimienta Prieto, Julio H.eAUT 0aEvaluación de los aprendizajes:bun enfoque basado en competencias c2008 aix, 144 páginas :c23 cm. aGEN aCED